000 00583nam a2200217Ia 4500
003 OSt
005 20220924122902.0
006 a|||||r|||| 00| 0
007 ta
008 220923b |||||||| |||| 00| 0 urd d
024 _a307696
037 _cTextual
040 _aARTS
_cARTS
_burd
041 _2urd
_aurd
082 _aO168,1M45,1, F6
100 _aShaad Kishan Parshad
_9190974
245 0 _aPrem darpan
260 _aLucknow
_bNigar Masheen Press
_c1926
942 _hO168,1M45,1, F6
_cTEXL
_2CC
999 _c413430
_d413430